Método de restauración de libros y documentos (Record no. 3396)

MARC details
000 -CABECERA
campo de control de longitud fija 01004nam a2200205 a 4500
001 - NÚMERO DE CONTROL
campo de control BRCA_3664
005 - FECHA Y HORA DE LA ÚLTIMA TRANSACCIÓN
campo de control 20190320204355.0
008 - DATOS DE LONGITUD FIJA--INFORMACIÓN GENERAL
campo de control de longitud fija 020909s1968----mx-#---###---#000-0#spa-#
041 ## - CÓDIGO DE LENGUA
Código de lengua del texto/banda sonora o título independiente spa
044 ## - CÓDIGO DEL PAÍS DE LA ENTIDAD EDITORA/PRODUCTORA
Código MARC del país mx
050 #4 - SIGNATURA TOPOGRÁFICA DE LA BIBLIOTECA DEL CONGRESO
Número de clasificación Z701
Número de documento/Ítem .B47 1968
100 1# - ENTRADA PRINCIPAL--NOMBRE DE PERSONA
Nombre de persona Beristáin de Salinas, Helena
9 (RLIN) 9512
245 10 - MENCIÓN DE TÍTULO
Título Método de restauración de libros y documentos
Mención de responsabilidad, etc. síntesis por Helena Beristáin de Salinas.
260 ## - PUBLICACIÓN, DISTRIBUCIÓN, ETC.
Lugar de publicación, distribución, etc. México
Nombre del editor, distribuidor, etc. UNAM. Instituto de Investigaciones Bibliográficas
Fecha de publicación, distribución, etc. 1968
300 ## - DESCRIPCIÓN FÍSICA
Extensión 53 p.
Dimensiones 27 cm.
440 #0 - MENCIÓN DE SERIE/PUNTO DE ACCESO ADICIONAL--TÍTULO
Título Manuales de la Biblioteca Nacional
Designación de volumen o secuencia 1
9 (RLIN) 9513
500 ## - NOTA GENERAL
Nota general Traducción extractada de la obra Patología e terapia del libro, de Alfonso Gallo, Ed. Raggio, de Roma, 1951; con adiciones tomadas del folleto I microbi (Le monografie di riforma della scuola) y notas recogidas personalmente, sobre la práctica, por Helena Beristáin, en el Instituto de Patología del Libro, Alfonso Gallo, de Roma, en 1960
650 14 - PUNTO DE ACCESO ADICIONAL DE MATERIA--TÉRMINO DE MATERIA
Término de materia o nombre geográfico como elemento de entrada Libros
Subdivisión general Conservación y restauración
9 (RLIN) 1352
942 ## - ELEMENTOS DE PUNTO DE ACCESO ADICIONAL (KOHA)
Fuente del sistema de clasificación o colocación Library of Congress Classification
Tipo de ítem Koha Libros
Holdings
Estado de retiro Estado de pérdida Estado dañado No para préstamo Localización permanente Ubicación/localización actual Fecha de adquisición Total de préstamos Signatura topográfica completa Código de barras Fecha visto por última vez Precio válido a partir de Tipo de ítem Koha
El ejemplar forma parte de la colección y puede ser consultado según las políticas vigentes.       Biblioteca del Museo Franz Mayer (Rogerio Casas-Alatriste) Biblioteca del Museo Franz Mayer (Rogerio Casas-Alatriste) 27/08/2009   Z701 .B47 1968 02433 22/03/2019 22/03/2019 Libros